|
|
|
|
| LEADER |
00881nam a2200277 4500 |
| 001 |
DLU090082464 |
| 005 |
##20090930 |
| 040 |
# |
# |
|a DLU
|b vie
|
| 041 |
# |
# |
|a vie
|
| 044 |
# |
# |
|a vn
|
| 100 |
# |
# |
|a Đinh Văn Đáng,
|c ThS.
|
| 245 |
# |
# |
|a Hợp tác bền vững giữa doanh nghiệp với cơ sở đào tạo /
|c Đinh Văn Đáng, Đoàn Mạnh Cường.
|
| 653 |
# |
# |
|a Đào tạo chuyên nghiệp
|
| 653 |
# |
# |
|a Phát triển bề vững
|
| 653 |
# |
# |
|a Phát triển nguồn nhân lực
|
| 700 |
# |
# |
|a Đoàn Mạnh Cường,
|c ThS.
|
| 773 |
# |
# |
|t Du lịch Việt Nam
|g Số 5, 2009, tr. 32-33
|
| 920 |
# |
# |
|a Phòng Tạp chí -- Trung tâm Thông tin - Thư viện Trường Đại học Đà Lạt
|
| 994 |
# |
# |
|a DLU
|
| 900 |
# |
# |
|a True
|
| 911 |
# |
# |
|a Nguyễn Thị Linh Chi
|
| 925 |
# |
# |
|a G
|
| 926 |
# |
# |
|a A
|
| 927 |
# |
# |
|a BB
|
| 980 |
# |
# |
|a Thư viện Trường Đại học Đà Lạt
|